000 00518nam a2200181Ia 4500
008 151018s9999 xx 000 0 und d
082 _bRBASDV27624
_a891.463
100 _aबालकवी
245 _aनिसर्गाची जादू
250 _b1
260 _bगमभन
_c1991
300 _a48
600 _aबालकवी
630 _aनिसर्गाची जादू
700 _aबालकवी
730 _aनिसर्गाची जादू
942 _cBOOK
999 _c1027213
_d1027210